Statistieken voor Landen die het dichtst bij Guinee liggen

Klik hier om de quiz te nemen!

Algemene statistieken

  • Deze quiz is 9 keer genomen
  • De gemiddelde score is 17 van 20

Antwoordstatistieken

kmland% Correct
1409Algerije
100%
947Benin
100%
0Côte d'Ivoire
100%
74Gambia
100%
0Guinee-Bissau
100%
1831Kameroen
100%
0Liberia
100%
0Mali
100%
1657Marokko
100%
280Mauritanië
100%
1001Niger
100%
1137Nigeria
100%
267Burkina Faso
88%
540Ghana
88%
0Senegal
88%
0Sierra Leone
88%
875Togo
88%
996Cabo Verde
75%
1684Spanje
13%
965Westelijke Sahara
13%

Scoreverdeling

Percentiel versus Aantal Correcte Antwoorden

Procent van Mensen met Elke Score

Uw Scoregeschiedenis

U heeft deze quiz nog niet genomen